Constantine (2005): Characters by Picture - Statistics

General Stats
  • This quiz has been taken 5 times
  • The average score is 8 of 12
Answer Stats
Picture Answer % Correct
John Constantine
100%
Angela Dodson
75%
Beeman
75%
Gabriel
75%
Lucifer
75%
Mammon
75%
Papa Midnite
75%
Balthazar
50%
Chas Kramer
50%
Father Hennessy
50%
Isabel Dodson
50%
Ellie
25%
No matching quizzes found
Score Distribution
Percent of People with Each Score
Percentile by Number Answered
Your Score History
You have not taken this quiz